000 00793nam a22003130a 4500
001 PT29503
003 AR-LpoUNG
005 20210131233523.0
008 191001s1979||||sp |||||||||||||||||spa d
020 _a8432213799
_c$21.48
040 _aAR-LpoUNG
_bspa
_cAR-LpoUNG
_eaacr
041 _aspa
044 _asp
082 0 _aA863 979pub
100 1 _aPuig, Manuel
245 1 0 _aPubis angelical
250 _a1§ edición
260 _aBarcelona :
_bSeix Barral,
_cmarzo 1979.
300 _a270 p. :
_bil., gráfs.
650 4 _aARGENTINA
650 4 _aEUROPA
650 4 _aHISTORIA SOCIAL
650 4 _aLITERATURA
650 4 _aRELACIONES PERSONALES
651 4 _aDOCUMENTOS TEORICOS O METODOLOGICOS
653 _aLITERATURA ARGENTINA
905 _a29503
942 _cLIB
999 _c21134
_d21134